1492 : Příběh Dolních Vítkovic /

Gespeichert in:
Bibliographische Detailangaben
Hauptverfasser: Volf, Petr (Verfasst von), Švácha, Rostislav (Verfasst von)
Weitere Verfasser: Souček, Tomáš (Fotografie)
Format: Buch
Sprache:Tschechisch
Veröffentlicht: Vítkovice : Prostor - architektura, interiér, design. o.p.s., 2013
Ausgabe:1. vydanie
Schlagworte:
Tags: Tag hinzufügen
Keine Tags, Fügen Sie das erste Tag hinzu!

MARC

LEADER 00000nam a22000003a 4500
001 0080274
003 SK-STU
005 20200210131543.5
007 ta
008 200210s ----xo-----e------000-0-----d
020 |a 978-80-87064-10-8 
040 |a STU  |b slo 
041 0 |a cze 
044 |a xr 
100 1 |a Volf, Petr  |4 aut 
245 1 0 |a 1492 :   |b Příběh Dolních Vítkovic /  |c aut. Petr Volf, Rostislav Švácha ; fotogr. Tomáš Souček 
250 |a 1. vydanie 
260 |a Vítkovice :  |b Prostor - architektura, interiér, design. o.p.s.,  |c 2013 
300 |a 200 s. 
650 0 7 |a technické pamiatky 
650 0 7 |a obnova pamiatok 
650 0 7 |a konverzia industriálnej architektúry 
650 0 7 |a Architektúra - rekonštrukcia, konverzia, transformácia 
650 0 7 |a technické múzeum 
650 0 7 |a multifunkčná hala 
700 1 |a Švácha, Rostislav  |4 aut 
700 1 |a Souček, Tomáš  |4 pht 
996 |b 284AU08296  |c A* 11556/U  |l AAKNAR  |s A  |a 24  |w 0080274_0001